000 005420000a22001690004500
003 MACL
005 20160217125756.0
008 160217b xxu||||| |||| 00| 0 eng d
040 _aMACL
_cMACL
041 _aHindi
082 _a338
100 _aश्री जे. एन. सिंह
_938649
245 _aवस्‍त्रोपादन - कला
260 _bसेण्‍ट्रल वीविंग इन्‍स्‍टीट़यूट
_aबनारस
650 _aProduction
_938650
942 _cHIN
_k338
_2ddc
999 _c23892
_d23892